[Event "Oberliga Nord N 2324"]
[Site "Germany"]
[Date "2024.02.25"]
[Round "6.6"]
[White "Bokelbrink, Uwe"]
[Black "Lampe, Joerg"]
[Result "1/2-1/2"]
[WhiteElo "2223"]
[BlackElo "2101"]
[PlyCount "96"]
[EventDate "2023.10.22"]
[EventType "team-tourn"]
[EventRounds "9"]
[EventCountry "GER"]
[SourceTitle "EXT 2025"]
[Source "ChessBase"]
[SourceDate "2024.10.14"]
[SourceVersion "1"]
[SourceVersionDate "2024.10.14"]
[SourceQuality "1"]
[WhiteTeam "Hamburg Schachfreunde"]
[BlackTeam "Hamburg Koenigsspringer"]
[WhiteTeamCountry "GER"]
[BlackTeamCountry "GER"]

1. e4 c5 2. Nf3 Nc6 3. Bb5 e6 4. Bxc6 bxc6 5. d3 Ne7 6. h4 h5 7. Nc3 d5 8. b3 Ng6 9. Qe2 c4 10. bxc4 Bb4 11. Bd2 Nf4 12. Qf1 Qa5 13. Ne2 dxe4 14. dxe4 e5 15. Nxf4 exf4 16. Qd3 Be6 17. c3 Ba3 18. Nd4 Rd8 19. Qc2 Qa6 20. Nxe6 fxe6 21. Bxf4 Qxc4 22. Rh3 0-0 23. Bg5 Rd4 24. Re3 Bc5 25. Qe2 Rxe4 26. Qxc4 Rxc4 27. Re2 Rxc3 28. Rd1 Rf5 29. Rd8+ Kh7 30. Re8 Bb4 31. Kf1 Rd5 32. g3 e5 33. R8xe5 Rxe5 34. Rxe5 Rc2 35. Re2 Rxe2 36. Kxe2 Kg6 37. Be3 a6 38. Kd3 Kf5 39. a4 Kg4 40. Ke4 g6 41. Bd4 c5 42. Be3 c4 43. Kd4 c3 44. Kc4 Ba5 45. Kd3 Kf3 46. Kc2 Ke2 47. Bc5 Kf3 48. Be3 Ke2 1/2-1/2

[Event "Oberliga Nord N 2223"]
[Site "Germany"]
[Date "2023.05.07"]
[Round "9.4"]
[White "Keyser, Robin"]
[Black "Bokelbrink, Uwe"]
[Result "1/2-1/2"]
[WhiteElo "2138"]
[BlackElo "2206"]
[PlyCount "27"]
[EventDate "2022.10.23"]
[EventType "team-tourn"]
[EventRounds "9"]
[EventCountry "GER"]
[SourceTitle "EXT 2025"]
[Source "ChessBase"]
[SourceDate "2024.10.14"]
[SourceVersion "1"]
[SourceVersionDate "2024.10.14"]
[SourceQuality "1"]
[WhiteTeam "Johanneum Eppendorf"]
[BlackTeam "Hamburg Schachfreunde"]
[WhiteTeamCountry "GER"]
[BlackTeamCountry "GER"]

1. d4 Nf6 2. c4 c5 3. d5 b5 4. cxb5 a6 5. bxa6 Bxa6 6. Nc3 d6 7. Nf3 g6 8. e4 Bxf1 9. Kxf1 Bg7 10. g3 Nfd7 11. Kg2 Nb6 12. Bf4 N8d7 13. Re1 Nc4 14. Qe2 1/2-1/2

[Event "Oberliga Nord N 2223"]
[Site "Germany"]
[Date "2023.04.23"]
[Round "8.5"]
[White "Sallandt, Frido"]
[Black "Bokelbrink, Uwe"]
[Result "1-0"]
[WhiteElo "1780"]
[BlackElo "2224"]
[PlyCount "117"]
[EventDate "2022.10.23"]
[EventType "team-tourn"]
[EventRounds "9"]
[EventCountry "GER"]
[SourceTitle "EXT 2025"]
[Source "ChessBase"]
[SourceDate "2024.10.14"]
[SourceVersion "1"]
[SourceVersionDate "2024.10.14"]
[SourceQuality "1"]
[WhiteTeam "Bad Schwartau"]
[BlackTeam "Hamburg Schachfreunde"]
[WhiteTeamCountry "GER"]
[BlackTeamCountry "GER"]

1. e4 c5 2. Nf3 Nc6 3. d4 cxd4 4. Nxd4 e5 5. Nb5 d6 6. N1c3 a6 7. Na3 Be7 8. Be2 Nf6 9. Bg5 b5 10. Bxf6 Bxf6 11. Nd5 0-0 12. 0-0 Rb8 13. c3 Bg5 14. Nc2 Kh8 15. Bg4 Be6 16. Nce3 g6 17. g3 f5 18. Bh3 Bxe3 19. Nxe3 Qd7 20. f3 f4 21. Bxe6 Qxe6 22. Qd5 Qd7 23. Ng2 fxg3 24. hxg3 Ne7 25. Qd3 Rf6 26. Kh2 g5 27. g4 Rbf8 28. Rad1 Ng6 29. Kg3 Qf7 30. b3 Ne7 31. Qe2 a5 32. Ne3 b4 33. c4 Ng6 34. Nf5 Qc7 35. Qd2 Nf4 36. Nxd6 Rg8 37. Rh1 Ne6 38. Nf5 Rxf5 39. gxf5 Nd4 40. Qf2 Qg7 41. Kg2 g4 42. f4 Qb7 43. Rxd4 exd4 44. Qxd4+ Qg7 45. f6 Qf7 46. e5 Re8 47. Qe4 Qd7 48. Kg3 Qf7 49. Qf5 Qb7 50. Rf1 Qf7 51. Rd1 Qa7 52. Qe4 Qf7 53. c5 h5 54. Rh1 Kg8 55. Qf5 Qb7 56. Qg6+ Kf8 57. Qh6+ Kg8 58. f7+ Qxf7 59. Rxh5 1-0

[Event "Oberliga Nord N 2223"]
[Site "Germany"]
[Date "2023.02.26"]
[Round "6.4"]
[White "Bokelbrink, Uwe"]
[Black "Kaid, Almar"]
[Result "0-1"]
[WhiteElo "2232"]
[BlackElo "2265"]
[PlyCount "80"]
[EventDate "2022.10.23"]
[EventType "team-tourn"]
[EventRounds "9"]
[EventCountry "GER"]
[SourceTitle "EXT 2025"]
[Source "ChessBase"]
[SourceDate "2024.10.14"]
[SourceVersion "1"]
[SourceVersionDate "2024.10.14"]
[SourceQuality "1"]
[WhiteTeam "Hamburg Schachfreunde"]
[BlackTeam "Hamburg Diogenes"]
[WhiteTeamCountry "GER"]
[BlackTeamCountry "GER"]

1. e4 e6 2. b3 d5 3. Bb2 a6 4. Nc3 d4 5. Nce2 c5 6. Nf3 Nc6 7. Ng3 e5 8. Bc4 h5 9. h3 h4 10. Ne2 Qf6 11. Nc1 Bd6 12. Nd3 Nge7 13. Qe2 Bd7 14. c3 0-0 15. 0-0-0 Rfe8 16. Nde1 b5 17. Bd3 Ng6 18. g3 Be6 19. Nxh4 Nxh4 20. gxh4 Rec8 21. Qf3 Qxh4 22. Ng2 Qe7 23. Rdg1 c4 24. Bc2 cxb3 25. axb3 Na5 26. Qg3 Qf6 27. Kd1 Bxb3 28. Bxb3 Nxb3 29. Nh4 Qh6 30. f4 exf4 31. Qf2 Be5 32. Nf5 Qh5+ 33. Kc2 dxc3 34. Bxc3 Nd4+ 35. Nxd4 b4 36. Nf5 bxc3 37. Ne7+ Kf8 38. Nxc8 Rxc8 39. d4 Bxd4 40. Qxd4 Qe2+ 0-1

[Event "Oberliga Nord N 2223"]
[Site "Germany"]
[Date "2022.12.11"]
[Round "3.4"]
[White "Wagner, Friedrich"]
[Black "Bokelbrink, Uwe"]
[Result "1/2-1/2"]
[WhiteElo "2144"]
[BlackElo "2235"]
[PlyCount "74"]
[EventDate "2022.10.23"]
[EventType "team-tourn"]
[EventRounds "9"]
[EventCountry "GER"]
[SourceTitle "EXT 2025"]
[Source "ChessBase"]
[SourceDate "2024.10.14"]
[SourceVersion "1"]
[SourceVersionDate "2024.10.14"]
[SourceQuality "1"]
[WhiteTeam "Hamburg Koenigsspringer"]
[BlackTeam "Hamburg Schachfreunde"]
[WhiteTeamCountry "GER"]
[BlackTeamCountry "GER"]

1. c4 c6 2. Nf3 d5 3. g3 Nf6 4. Bg2 Bg4 5. Ne5 Bf5 6. cxd5 cxd5 7. Qa4+ Nbd7 8. Nc3 Qc7 9. d4 e6 10. Bf4 Qb6 11. 0-0 Qb4 12. Nxd7 Nxd7 13. Qxb4 Bxb4 14. Nb5 0-0 15. Bd6 Bxd6 16. Nxd6 Bg6 17. Rac1 Nf6 18. b3 b6 19. Rc6 Rfd8 20. Rfc1 Kf8 21. Rc8 Raxc8 22. Rxc8 Ke7 23. Rxd8 Kxd8 24. Nb5 a6 25. Nc3 Kc7 26. Kf1 b5 27. b4 Ne4 28. Bxe4 dxe4 29. Ke1 f5 30. Kd2 Be8 31. h4 h6 32. f3 exf3 33. exf3 Kd6 34. Ke3 g5 35. hxg5 hxg5 36. f4 g4 37. a3 Bc6 1/2-1/2

[Event "Oberliga Nord N 2223"]
[Site "Germany"]
[Date "2022.11.27"]
[Round "2.4"]
[White "Bokelbrink, Uwe"]
[Black "Skaanning Pedersen, Kim Henrik"]
[Result "0-1"]
[WhiteElo "2245"]
[BlackElo "2248"]
[PlyCount "76"]
[EventDate "2022.10.23"]
[EventType "team-tourn"]
[EventRounds "9"]
[EventCountry "GER"]
[SourceTitle "EXT 2025"]
[Source "ChessBase"]
[SourceDate "2024.10.14"]
[SourceVersion "1"]
[SourceVersionDate "2024.10.14"]
[SourceQuality "1"]
[WhiteTeam "Hamburg Schachfreunde"]
[BlackTeam "Preetz"]
[WhiteTeamCountry "GER"]
[BlackTeamCountry "GER"]

1. e4 d6 2. Nc3 Nf6 3. g3 c5 4. Bg2 g6 5. d3 Bg7 6. f4 Nc6 7. Nf3 Rb8 8. 0-0 0-0 9. h3 b5 10. Be3 b4 11. Ne2 Nd7 12. c3 bxc3 13. bxc3 Qa5 14. Qc2 Ba6 15. a4 Rb7 16. Ra2 Rfb8 17. g4 Rb3 18. Nd2 R3b7 19. e5 Qc7 20. Ne4 dxe5 21. f5 c4 22. d4 exd4 23. Nxd4 Nxd4 24. cxd4 Rb3 25. Qf2 Qb6 26. a5 Qb5 27. Ng5 Nf6 28. fxg6 hxg6 29. Bf4 Rb7 30. Be5 Rb1 31. Qh4 Rxf1+ 32. Bxf1 Qb1 33. Rf2 c3 34. Rxf6 exf6 35. Qh7+ Kf8 36. Bd6+ Re7 37. Ne6+ fxe6 38. Bxe7+ Kf7 0-1

[Event "Innsbruck op 3rd"]
[Site "Innsbruck"]
[Date "2019.08.26"]
[Round "2"]
[White "Bokelbrink, Uwe"]
[Black "Mahitosh, Dey"]
[Result "0-1"]
[WhiteElo "2285"]
[BlackElo "1981"]
[PlyCount "92"]
[EventDate "2019.08.25"]
[EventType "swiss"]
[EventRounds "9"]
[EventCountry "AUT"]
[SourceTitle "EXT 2020"]
[Source "ChessBase"]
[SourceDate "2019.10.17"]
[SourceVersion "1"]
[SourceVersionDate "2019.10.17"]
[SourceQuality "1"]

1. e4 e5 2. Nf3 Nc6 3. Bb5 a6 4. Ba4 Nf6 5. 0-0 b5 6. Bb3 Bb7 7. d3 Bc5 8. Nc3 d6 9. a3 h6 10. Ne2 0-0 11. Ng3 Bc8 12. h3 Be6 13. c3 Bb6 14. Re1 Ne7 15. Bc2 Ng6 16. d4 c5 17. Be3 Rc8 18. Rc1 a5 19. Qd2 a4 20. Nf5 cxd4 21. cxd4 Ba5 22. Qd1 Bxe1 23. Qxe1 Qd7 24. Ng3 Qb7 25. d5 Bd7 26. Bd2 Rc4 27. Bd3 Rxc1 28. Qxc1 Rc8 29. Qd1 Rf8 30. Ne1 Ne8 31. Qf3 Ne7 32. Nc2 Nc7 33. Nh5 f5 34. Qg3 Ne8 35. exf5 Nxf5 36. Qf3 Rf7 37. Qe4 Nf6 38. Nxf6+ Rxf6 39. Nb4 Nd4 40. Qe3 Bf5 41. Bc3 Bxd3 42. Bxd4 exd4 43. Qxd3 Qe7 44. Qd2 Qe4 45. g3 Rf3 46. Nc6 d3 0-1

[Event "Innsbruck op 3rd"]
[Site "Innsbruck"]
[Date "2019.08.26"]
[Round "3"]
[White "Perman, Sergey"]
[Black "Bokelbrink, Uwe"]
[Result "0-1"]
[WhiteElo "2113"]
[BlackElo "2285"]
[PlyCount "71"]
[EventDate "2019.08.25"]
[EventType "swiss"]
[EventRounds "9"]
[EventCountry "AUT"]
[SourceTitle "EXT 2020"]
[Source "ChessBase"]
[SourceDate "2019.10.17"]
[SourceVersion "1"]
[SourceVersionDate "2019.10.17"]
[SourceQuality "1"]

1. e4 c5 2. Nf3 e6 3. Nc3 a6 4. g3 Nc6 5. Bg2 Nf6 6. 0-0 d6 7. d4 cxd4 8. Nxd4 Bd7 9. h3 Qc7 10. Nxc6 Bxc6 11. Qe2 Be7 12. Bf4 Nd7 13. Rfe1 Ne5 14. Rad1 b5 15. a3 0-0 16. Bc1 Bb7 17. f4 Nc4 18. e5 dxe5 19. fxe5 Bxg2 20. Kxg2 Rad8 21. Kh2 Nxa3 22. Nd5 Rxd5 23. Rxd5 exd5 24. bxa3 Rc8 25. e6 f6 26. Bd2 Qc4 27. Qh5 g6 28. Qf3 Qxc2 29. Re2 Qd1 30. Qd3 Rc2 31. Kg2 Ra2 32. Rf2 Ra1 33. g4 Qh1+ 34. Kg3 Rxa3 35. Bc3 b4 36. Rc2 0-1

[Event "Oberliga Nord N 1819"]
[Site "Germany"]
[Date "2019.03.24"]
[Round "8.2"]
[White "Bokelbrink, Uwe"]
[Black "Zieher, Hartmut"]
[Result "1-0"]
[WhiteElo "2307"]
[BlackElo "2214"]
[PlyCount "69"]
[EventDate "2018.10.21"]
[EventType "team-tourn"]
[EventRounds "9"]
[EventCountry "GER"]
[SourceTitle "EXT 2020"]
[Source "ChessBase"]
[SourceDate "2019.10.17"]
[SourceVersion "1"]
[SourceVersionDate "2019.10.17"]
[SourceQuality "1"]
[WhiteTeam "Hamburg Schachfreunde"]
[BlackTeam "Hamburger SK III"]
[WhiteTeamCountry "GER"]
[BlackTeamCountry "GER"]

1. e4 e5 2. Nf3 Nc6 3. Bb5 a6 4. Ba4 Nf6 5. d3 b5 6. Bb3 Bc5 7. 0-0 d6 8. c3 0-0 9. a4 Rb8 10. axb5 axb5 11. Bg5 h6 12. Bh4 g5 13. Bg3 Be6 14. Bc2 Bb6 15. Nbd2 g4 16. Nh4 Nh5 17. Kh1 Qg5 18. Nb3 Ne7 19. d4 Ng6 20. Nf5 Nhf4 21. f3 h5 22. fxg4 hxg4 23. Qd2 Kh8 24. Nc1 Qh5 25. Ne2 Bc4 26. Bxf4 Bxe2 27. Ng3 Qh7 28. Nxe2 exf4 29. Nxf4 c5 30. Nd5 Bd8 31. g3 Qh5 32. Rf5 Qh3 33. Qf2 Rb7 34. dxc5 dxc5 35. Qxc5 1-0

[Event "Oberliga Nord N 1819"]
[Site "Germany"]
[Date "2019.02.03"]
[Round "6.2"]
[White "Bokelbrink, Uwe"]
[Black "Michna, Marta"]
[Result "0-1"]
[WhiteElo "2307"]
[BlackElo "2329"]
[PlyCount "72"]
[EventDate "2018.10.21"]
[EventType "team-tourn"]
[EventRounds "9"]
[EventCountry "GER"]
[SourceTitle "EXT 2020"]
[Source "ChessBase"]
[SourceDate "2019.10.17"]
[SourceVersion "1"]
[SourceVersionDate "2019.10.17"]
[SourceQuality "1"]
[WhiteTeam "Hamburg Schachfreunde"]
[BlackTeam "Kiel Turm II"]
[WhiteTeamCountry "GER"]
[BlackTeamCountry "GER"]

1. e4 e6 2. b3 d5 3. Bb2 Nf6 4. e5 Nfd7 5. f4 c5 6. Qg4 Nc6 7. Nc3 a6 8. Nf3 Ne7 9. 0-0-0 b5 10. Kb1 g6 11. h4 h5 12. Qh3 Bb7 13. Ng5 Nb6 14. g4 Qd7 15. Bg2 Bh6 16. gxh5 Bxg5 17. fxg5 Rxh5 18. Ne2 Nf5 19. Qg4 d4 20. Nf4 Rh8 21. Nd3 Bxg2 22. Qxg2 c4 23. Nf4 0-0-0 24. h5 gxh5 25. Rxh5 Rxh5 26. Nxh5 c3 27. Bc1 d3 28. Qe4 dxc2+ 29. Qxc2 b4 30. Qe4 Qb5 31. Nf4 Rd4 32. Qf3 Rxf4 33. Qxf4 Qd3+ 34. Ka1 Nd4 35. dxc3 Nc2+ 36. Kb2 bxc3+ 0-1

[Event "Oberliga Nord N 1718"]
[Site "Germany"]
[Date "2017.12.10"]
[Round "4.2"]
[White "Bokelbrink, Uwe"]
[Black "Zart, Ruediger"]
[Result "0-1"]
[WhiteElo "2300"]
[BlackElo "2211"]
[PlyCount "90"]
[EventDate "2017.10.08"]
[EventType "team-tourn"]
[EventRounds "9"]
[EventCountry "GER"]
[SourceTitle "EXT 2019"]
[Source "ChessBase"]
[SourceDate "2018.10.10"]
[SourceVersion "1"]
[SourceVersionDate "2018.10.10"]
[SourceQuality "1"]
[WhiteTeam "Hamburg SF"]
[BlackTeam "Eppendorf Johanneum"]
[WhiteTeamCountry "GER"]
[BlackTeamCountry "GER"]

1. e4 c6 2. d4 d5 3. e5 Bf5 4. Nf3 e6 5. Be2 c5 6. Be3 cxd4 7. Nxd4 Ne7 8. Nd2 Nbc6 9. N2f3 Be4 10. 0-0 Ng6 11. Bb5 Rc8 12. Ng5 Ngxe5 13. f4 Nd7 14. Nxe4 dxe4 15. f5 e5 16. Nxc6 bxc6 17. Ba6 Rb8 18. Qg4 Qa5 19. Bc4 Bc5 20. Rae1 Bxe3+ 21. Rxe3 Qc5 22. Qxe4 0-0 23. b3 Nf6 24. Qf3 Ng4 25. Qxg4 Qxe3+ 26. Kh1 Rbd8 27. f6 g6 28. c3 Rd2 29. h4 Rf2 30. g3 Rxf1+ 31. Bxf1 Qf2 32. Bg2 Qxf6 33. Qa4 Qf2 34. Kh2 Qc5 35. c4 Rc8 36. Qa6 Rc7 37. a3 Qe7 38. Qa5 f5 39. c5 e4 40. Bf1 Qe5 41. Qd2 Kg7 42. h5 e3 43. Qd3 f4 44. gxf4 Qxf4+ 45. Kg1 Rf7 0-1

[Event "Oberliga Nord N 1617"]
[Site "Germany"]
[Date "2017.02.19"]
[Round "6.2"]
[White "Bokelbrink, Uwe"]
[Black "Bente, Bjoern"]
[Result "1/2-1/2"]
[WhiteElo "2312"]
[BlackElo "2277"]
[PlyCount "105"]
[EventDate "2016.10.16"]
[EventType "team-tourn"]
[EventRounds "9"]
[EventCountry "GER"]
[SourceTitle "EXT 2018"]
[Source "ChessBase"]
[SourceDate "2017.10.13"]
[SourceVersion "1"]
[SourceVersionDate "2017.10.13"]
[SourceQuality "1"]
[WhiteTeam "Hamburg Schachfreunde"]
[BlackTeam "Hamburger SK"]
[WhiteTeamCountry "GER"]
[BlackTeamCountry "GER"]

1. e4 g6 2. Nc3 Bg7 3. g3 d6 4. Bg2 c5 5. d3 Nc6 6. Nh3 Rb8 7. 0-0 b5 8. a3 a5 9. f4 Nd4 10. Nd5 Bd7 11. c3 Nc6 12. f5 Nf6 13. Nxf6+ Bxf6 14. Bh6 b4 15. axb4 axb4 16. Rc1 bxc3 17. bxc3 Qa5 18. Qd2 Rb3 19. Ra1 Qxc3 20. Ra8+ Nb8 21. Qa2 Qb4 22. Nf4 Bc6 23. Qa6 Kd7 24. Ra7+ Bb7 25. Qa2 Kc8 26. e5 Bxg2 27. Qxg2 Rb2 28. Qf3 Qd2 29. Ng2 Qxh6 30. exf6 exf6 31. Qd5 Qd2 32. Ra8 Kc7 33. Re1 Rd8 34. Ra7+ Kc8 35. Rxf7 Rd7 36. Rxf6 Qf2+ 37. Kh1 Re2 38. Rb1 Rb2 39. Ra1 Kc7 40. Rf7 Rxf7 41. Qxf7+ Nd7 42. Qd5 Kc8 43. fxg6 hxg6 44. Rg1 Kc7 45. Ra1 Kd8 46. Qa8+ Ke7 47. Qe4+ Ne5 48. Qh4+ Ke6 49. Qh3+ Kf6 50. Qh8+ Kf5 51. Qc8+ Kf6 52. Qh8+ Kf5 53. Qc8+ 1/2-1/2

[Event "Oberliga Nord N 1415"]
[Site "Germany"]
[Date "2015.03.15"]
[Round "8.5"]
[White "Bokelbrink, Uwe"]
[Black "Bente, Bjoern"]
[Result "1-0"]
[WhiteElo "2276"]
[BlackElo "2285"]
[PlyCount "73"]
[EventDate "2014.09.21"]
[EventType "team-tourn"]
[EventRounds "9"]
[EventCountry "GER"]
[SourceTitle "EXT 2016"]
[Source "ChessBase"]
[SourceDate "2015.10.08"]
[SourceVersion "1"]
[SourceVersionDate "2015.10.08"]
[SourceQuality "1"]
[WhiteTeam "Hamburg SF"]
[BlackTeam "Hamburger SK III"]
[WhiteTeamCountry "GER"]
[BlackTeamCountry "GER"]

1. e4 e6 2. b3 b6 3. Nf3 Bb7 4. Bd3 Nf6 5. Nc3 Nc6 6. a3 d5 7. 0-0 Be7 8. e5 Nd7 9. Re1 g5 10. Bb5 a6 11. Bxc6 Bxc6 12. Nd4 Bb7 13. Qh5 Nf8 14. b4 Rg8 15. h3 Qd7 16. Rb1 Ng6 17. d3 0-0-0 18. Bxg5 h6 19. Bd2 Nh4 20. g3 Ng6 21. Kf1 Bf8 22. h4 Bg7 23. f4 Rdf8 24. Qe2 Ne7 25. Kf2 c5 26. bxc5 bxc5 27. Nb3 Qc7 28. Na4 c4 29. Nbc5 Bc6 30. Nxa6 Qa7+ 31. N4c5 Nf5 32. Rb8+ Qxb8 33. Nxb8 Kxb8 34. Rb1+ Kc8 35. dxc4 d4 36. Qd3 Nxg3 37. Qb3 1-0

[Event "Oberliga Nord N 1415"]
[Site "Germany"]
[Date "2015.02.01"]
[Round "6.5"]
[White "Wagner, Ralph"]
[Black "Bokelbrink, Uwe"]
[Result "0-1"]
[WhiteElo "2131"]
[BlackElo "2276"]
[PlyCount "82"]
[EventDate "2014.09.21"]
[EventType "team-tourn"]
[EventRounds "9"]
[EventCountry "GER"]
[SourceTitle "EXT 2016"]
[Source "ChessBase"]
[SourceDate "2015.10.08"]
[SourceVersion "1"]
[SourceVersionDate "2015.10.08"]
[SourceQuality "1"]
[WhiteTeam "Schwerin II"]
[BlackTeam "Hamburg SF"]
[WhiteTeamCountry "GER"]
[BlackTeamCountry "GER"]

1. d4 d5 2. c4 c6 3. e3 Nf6 4. Nc3 e6 5. Nf3 Nbd7 6. Qc2 Bd6 7. g4 h6 8. Rg1 a6 9. Bd2 dxc4 10. Bxc4 b5 11. Be2 c5 12. dxc5 Nxc5 13. g5 hxg5 14. Nxg5 Qe7 15. Bf3 Bb7 16. b4 Bxf3 17. Nxf3 Ncd7 18. Rxg7 Bxb4 19. Ke2 Rc8 20. Qb2 Qc5 21. Nd1 Qc4+ 22. Ke1 Bf8 23. Rc1 Bxg7 24. Rxc4 Rxc4 25. Bc3 Nc5 26. Ke2 Na4 27. Qb3 Nxc3+ 28. Nxc3 Nd7 29. Nb1 Rh5 30. Nbd2 Rc3 31. Qb1 Nc5 32. Qg1 Kf8 33. Qg3 Rd5 34. Qb8+ Ke7 35. h4 Rc2 36. Qg3 Bc3 37. Qc7+ Nd7 38. Kd1 Rcxd2+ 39. Nxd2 Rxd2+ 40. Kc1 b4 41. Qc4 Ne5 0-1

[Event "Oberliga Nord N 1415"]
[Site "Germany"]
[Date "2015.01.18"]
[Round "5.5"]
[White "Bokelbrink, Uwe"]
[Black "Schwarz, Frank"]
[Result "1-0"]
[WhiteElo "2276"]
[BlackElo "2229"]
[PlyCount "109"]
[EventDate "2014.09.21"]
[EventType "team-tourn"]
[EventRounds "9"]
[EventCountry "GER"]
[SourceTitle "EXT 2016"]
[Source "ChessBase"]
[SourceDate "2015.10.08"]
[SourceVersion "1"]
[SourceVersionDate "2015.10.08"]
[SourceQuality "1"]
[WhiteTeam "Hamburg SF"]
[BlackTeam "Preetz"]
[WhiteTeamCountry "GER"]
[BlackTeamCountry "GER"]

1. e4 e6 2. b3 d5 3. Bb2 Nf6 4. e5 Nfd7 5. f4 c5 6. Nc3 a6 7. Qg4 Nc6 8. 0-0-0 b5 9. Kb1 Nb6 10. Nf3 Qc7 11. h4 Bd7 12. h5 h6 13. Qh3 b4 14. Ne2 a5 15. g4 a4 16. f5 Qa7 17. fxe6 fxe6 18. Nc1 Be7 19. Bd3 Kd8 20. Bb5 Kc7 21. Nh4 Bg5 22. Ng6 Rhd8 23. Rhf1 Qa5 24. Bxc6 Bxc6 25. Rf7+ Rd7 26. Qf1 Re8 27. Nf8 Rxf7 28. Qxf7+ Re7 29. Nxe6+ Kd7 30. Nf8+ Kc7 31. Qg6 Kb7 32. Qf5 d4 33. Ng6 Rc7 34. e6 Nd5 35. Ne5 Ne7 36. Nxc6 Rxc6 37. Qe4 a3 38. Ba1 Qd8 39. Qe2 Kb6 40. c3 Qd5 41. cxd4 cxd4 42. Nd3 Rxe6 43. Bxd4+ Ka5 44. Ne5 Nc6 45. Nc4+ Ka6 46. Ne3+ Kb7 47. Nxd5 Rxe2 48. Be3 Ne5 49. Bxg5 hxg5 50. Nxb4 Nxg4 51. Rg1 Nf2 52. Kc2 g4 53. Rg2 Re4 54. Rxf2 Rxb4 55. Rf7+ 1-0

[Event "Oberliga Nord N 1314"]
[Site "Germany"]
[Date "2013.10.13"]
[Round "1.3"]
[White "Perez de Miguel, Alvaro"]
[Black "Bokelbrink, Uwe"]
[Result "0-1"]
[WhiteElo "2185"]
[BlackElo "2275"]
[PlyCount "190"]
[EventDate "2013.10.13"]
[EventType "team-tourn"]
[EventRounds "9"]
[EventCountry "GER"]
[SourceTitle "EXT 2015"]
[Source "ChessBase"]
[SourceDate "2014.11.20"]
[SourceVersion "1"]
[SourceVersionDate "2014.11.20"]
[SourceQuality "1"]
[WhiteTeam "St Pauli"]
[BlackTeam "Pinneberg"]
[WhiteTeamCountry "GER"]
[BlackTeamCountry "GER"]

1. d4 d5 2. c4 c6 3. Nc3 dxc4 4. a4 e5 5. dxe5 Qxd1+ 6. Nxd1 Na6 7. e4 Nb4 8. Ne3 Be6 9. Bd2 a5 10. Rc1 b5 11. f4 Rd8 12. f5 Bc8 13. Nh3 Bc5 14. axb5 cxb5 15. Nf4 Bd4 16. Nfd5 Bxb2 17. Rb1 Bxe5 18. Bxb4 axb4 19. Rxb4 Bd7 20. Ng4 Bd6 21. Rb1 Ne7 22. Nb6 Bc6 23. f6 gxf6 24. Nxf6+ Kf8 25. Be2 Be5 26. Nbd5 Bd4 27. Bf3 Ng6 28. Ke2 Nf4+ 29. Nxf4 Bxf6 30. e5 Bxf3+ 31. Kxf3 Bxe5 32. Rxb5 Bxf4 33. Kxf4 Rg8 34. Rc5 Rd4+ 35. Kf3 Rd3+ 36. Kf4 Rxg2 37. Rxc4 Rh3 38. Rc7 Kg7 39. Ke5 Rhxh2 40. Rf1 Re2+ 41. Kd4 Ref2 42. Rg1+ Rhg2 43. Rh1 Kg6 44. Rc6+ f6 45. Rc5 Rg5 46. Rc8 h5 47. Ke3 Rff5 48. Rg8+ Kf7 49. Rh8 Ra5 50. Rb1 Kg6 51. Rg8+ Kf7 52. Rh8 Ra3+ 53. Ke4 Ra4+ 54. Kf3 Kg7 55. Rc8 Ra3+ 56. Ke4 Rg4+ 57. Kd5 Ra5+ 58. Kd6 Re5 59. Rb7+ Kg6 60. Rg8+ Kf5 61. Rh8 Rd4+ 62. Kc6 h4 63. Rbh7 Ree4 64. Rh5+ Ke6 65. Re8+ Kf7 66. Reh8 Rc4+ 67. Kb6 Rg4 68. Kb5 Rcf4 69. Kc6 Rg3 70. Rxh4 Rxh4 71. Rxh4 Rd3 72. Kc5 Ke6 73. Kc4 Rd8 74. Rh1 f5 75. Re1+ Kf6 76. Rf1 Kg5 77. Rg1+ Kh4 78. Rf1 Kg4 79. Rg1+ Kh3 80. Rf1 Rf8 81. Kd3 Kg2 82. Rf4 Kg3 83. Ra4 Kf3 84. Rd4 f4 85. Rd7 Kf2 86. Kd2 f3 87. Rg7 Rd8+ 88. Kc2 Ke2 89. Re7+ Kf1 90. Rf7 f2 91. Rg7 Rd5 92. Rg8 Ke2 93. Re8+ Kf3 94. Rf8+ Ke3 95. Rf7 Rd4 0-1

[Event "BL2-Nord 1213"]
[Site "Germany"]
[Date "2012.11.25"]
[Round "3.2"]
[White "Bokelbrink, Uwe"]
[Black "Bluebaum, Matthias"]
[Result "0-1"]
[WhiteElo "2301"]
[BlackElo "2433"]
[PlyCount "92"]
[EventDate "2012.10.14"]
[EventType "team-tourn"]
[EventRounds "9"]
[EventCountry "GER"]
[SourceTitle "CBM 154 Extra"]
[Source "ChessBase"]
[SourceDate "2013.06.25"]
[SourceVersion "2"]
[SourceVersionDate "2013.06.25"]
[SourceQuality "1"]
[WhiteTeam "Pinneberg"]
[BlackTeam "Werder Bremen II"]
[WhiteTeamCountry "GER"]
[BlackTeamCountry "GER"]

1. e4 e6 2. b3 d5 3. Bb2 dxe4 4. Nc3 Nf6 5. Qe2 Be7 6. Nxe4 0-0 7. Nf3 b6 8. Nxf6+ Bxf6 9. Ne5 Bb7 10. d4 Nd7 11. 0-0-0 a5 12. Qh5 g6 13. Qg4 Qe7 14. Bb5 Nxe5 15. dxe5 Bg7 16. f4 Qc5 17. Bd3 a4 18. Kb1 Qf2 19. Rhg1 Rfd8 20. Qe2 Qxf4 21. Rdf1 Qb4 22. a3 Qe7 23. b4 c5 24. b5 Rd7 25. Rf4 Bh6 26. Rg4 Bd5 27. h4 Rc8 28. Rf1 Rdc7 29. c4 Bb7 30. h5 Rd8 31. hxg6 hxg6 32. Bxg6 fxg6 33. Rxg6+ Bg7 34. Rf4 Qd7 35. Rxg7+ Kxg7 36. Qg4+ Kh8 37. Ka2 Qe8 38. Qh4+ Rh7 39. Qf6+ Rg7 40. Qh6+ Kg8 41. Rh4 Be4 42. Qh8+ Kf7 43. Rf4+ Bf5 44. Qh5+ Kg8 45. Qh2 Qd7 46. Qh6 Qd3 0-1

[Event "BL2-Nord 1213"]
[Site "Germany"]
[Date "2012.11.11"]
[Round "2.2"]
[White "Bracker, Frank"]
[Black "Bokelbrink, Uwe"]
[Result "1-0"]
[WhiteElo "2364"]
[BlackElo "2301"]
[PlyCount "159"]
[EventDate "2012.10.14"]
[EventType "team-tourn"]
[EventRounds "9"]
[EventCountry "GER"]
[SourceTitle "CBM 154 Extra"]
[Source "ChessBase"]
[SourceDate "2013.06.25"]
[SourceVersion "2"]
[SourceVersionDate "2013.06.25"]
[SourceQuality "1"]
[WhiteTeam "Hamburger SK II"]
[BlackTeam "Pinneberg"]
[WhiteTeamCountry "GER"]
[BlackTeamCountry "GER"]

1. e4 Nf6 2. e5 Nd5 3. d4 d6 4. c4 Nb6 5. exd6 exd6 6. Nc3 Be7 7. Bd3 Nc6 8. Nge2 Bg4 9. f3 Bh5 10. 0-0 Bg6 11. b3 Bf6 12. Bxg6 hxg6 13. Ne4 Be7 14. d5 Ne5 15. Nd4 Ned7 16. Bb2 Nc5 17. Nb5 Nxe4 18. fxe4 a6 19. Na3 Bf6 20. Bxf6 gxf6 21. Qd4 Nd7 22. Nc2 Qe7 23. Rae1 Rh4 24. g3 Rh5 25. Ne3 Kf8 26. Ng4 Kg7 27. Rf4 Re8 28. Ref1 Re5 29. Qc3 Rg5 30. Nxf6 Nxf6 31. Rxf6 Re5 32. Qf3 Rf8 33. Rf4 Kg8 34. h4 Qd7 35. Kg2 a5 36. Rh1 f5 37. Rf1 Rf7 38. exf5 Rexf5 39. Qg4 Rxf4 40. Rxf4 Qxg4 41. Rxg4 Kh7 42. Re4 Kg7 43. g4 Rd7 44. Kf3 Rf7+ 45. Ke3 Rd7 46. Kf4 Kh6 47. Re6 Rf7+ 48. Ke3 Kg7 49. a3 b6 50. b4 axb4 51. axb4 Kh7 52. c5 bxc5 53. bxc5 dxc5 54. Rc6 Kg7 55. Ke4 Rd7 56. Rxc5 Re7+ 57. Kd4 Kf8 58. Rc3 Rh7 59. Rh3 Ke7 60. Kc5 Kd7 61. g5 Rh8 62. Rf3 Rxh4 63. Rf7+ Kd8 64. Rg7 Rh1 65. Rxg6 Rc1+ 66. Kd4 Kd7 67. Rc6 Rg1 68. g6 Rg4+ 69. Ke5 Rg5+ 70. Kf6 Rxd5 71. Rc4 Rd6+ 72. Kf7 Rd1 73. g7 Rf1+ 74. Kg6 Rg1+ 75. Kf6 Kd6 76. Rd4+ Kc5 77. Rd8 Rxg7 78. Kxg7 Kb4 79. Kf6 c5 80. Ke5 1-0